00761nam a2200205 i 450000100060000000300090000600500170001500700030003200800410003508000170007608000170009324500660011026000600017630000220023650001370025865100440039565100430043971000400048285200330052215165ES-MaACL20250728051816.0t|000111s1999 sp ||||1| spa d a327(4:8=134) a327(8=134:4)03aLa agenda iberoamericana del siglo XXI: ética y democracia. a[Madrid : bFundación Popular Iberoamericana, c1999] a158 p. ; c21 cm. aIII Reunión de Líderes Políticos y Parlamentarios Populares Iberoamericanos, celebrada en Caracas el 3 y 4 de octubre de 1997. 4aEuropa-xRelaciones-zAmérica latina. 4aAmérica Latina-xRelaciones-zEuropa2 aFundación Popular Iberoamericana. aES-MaACLjL-22316 bR.127727